| 000 | 00593nam a22002057a 4500 | ||
|---|---|---|---|
| 003 | OSt | ||
| 005 | 20220107122847.0 | ||
| 008 | 190117b xxu||||| |||| 00| 0 eng d | ||
| 020 | _a9789351198062 | ||
| 040 | _cIIITMK | ||
| 082 | _a006.312 MAR/B | ||
| 100 |
_aMarz, Nathan _915234 |
||
| 245 |
_aBig data: _bPrinciples and best practices of scalable real-time data systems _cNathan Marz |
||
| 260 |
_aNew Delhi, _bDreamtech Press, _c2015. |
||
| 300 | _axx, 308p. | ||
| 440 |
_aBig Data Series _916580 |
||
| 650 |
_aCOMPUTER SCIENCE _916581 |
||
| 700 |
_aWarren, James _915235 |
||
| 942 |
_2ddc _cBK |
||
| 999 |
_c6346 _d6346 |
||